00309nam a2200121Ia 450000500170000000800410001708200150005810000140007324500230008726000420011030000130015250000220016520250612031002.0240331s9999 xx 000 0 und d a303.6bPER aPerera, J 0aYuddayen saamayata aColombobNational peace councilc1998 a103 p ., afrom war to peace